| 000 | 00471nam a22001457a 4500 | ||
|---|---|---|---|
| 008 | 211027b ||||| |||| 00| 0 eng d | ||
| 020 | _a0821412817 | ||
| 050 | _aBH81.W66 1999 | ||
| 100 |
_aWood, Robert E. _950738 |
||
| 245 |
_aPlacing Aesthetics _breflections on the Philosophic tradition _c/by Robert, Wood E. |
||
| 260 |
_aAthens: _bOhio University Press, _cc1999 |
||
| 300 |
_axvi, 413p.; _c23cm. |
||
| 650 |
_aAesthetics _xHistory _926175 |
||
| 942 |
_2lcc _cMONOGRAPH |
||
| 999 |
_c131004 _d131004 |
||